All Playboi Carti Songs (+ UNRELEASED) - Statistics

General Stats
  • This quiz has been taken 142 times
  • The average score is 60 of 161
Answer Stats
% Correct
Location
78%
Magnolia
78%
R.I.P.
74%
Choppa (feat. Benjamin Rackz)
73%
POP OUT
73%
Long Time (Intro)
72%
Top (feat. Pi'erre Bourne)
72%
wokeuplikethis* (feat. Lil Uzi Vert)
71%
Rockstar Made
69%
Sky
69%
EVIL J0RDAN
67%
Shoota (feat. Lil Uzi Vert)
67%
2024
64%
CRUSH (feat. Travis Scott)
64%
Flex (feat. Leven Kali)
64%
Lookin (feat. Lil Uzi Vert)
64%
New Choppa (feat. A$AP Rocky)
64%
Backroom
63%
Kelly K
63%
Over
63%
RATHER LIE (feat. The Weeknd)
63%
BACKD00R (feat. Kendrick Lamar, Jhené Aiko)
62%
FOMDJ
62%
Go2DaMoon (feat. Kanye West)
62%
BACKR00MS (feat. Travis Scott)
60%
Fell In Luv (feat. Bryson Tiller)
60%
Middle Of The Summer (feat. Red Coldhearted)
60%
Stop Breathing
60%
R.I.P. Fredo (Notice Me) (feat. Young Nudy)
59%
Yah Mean
59%
Cancún
57%
Choppa Won't Miss (feat. Young Thug)
57%
Molly (Not Real)
57%
Poke It Out (feat. Nicki Minaj)
57%
ILoveUIHateU
56%
TRIM (feat. Future)
56%
Vamp Anthem
56%
Had 2
55%
Lame Niggaz
55%
Love Hurts (feat. Travis Scott)
55%
New Tank
55%
GOOD CREDIT (feat. Kendrick Lamar)
53%
K POP
53%
New N3on
53%
PHILLY
53%
dothatshit!
52%
FINE SHIT
52%
Foreign
52%
Meh
52%
@ MEH
52%
NO. 9
52%
SOUTH ATLANTA BABY
52%
TWIN TRIM (feat. Lil Uzi Vert)
52%
Whole Lotta Red (feat. MaddMax, Smooky MarGielaa)
52%
DIFFERENT DAY
51%
HBA
51%
MOJO JOJO (feat. Kendrick Lamar)
51%
Other Shit
51%
RADAR
51%
Lean 4 Real (feat. Skepta)
50%
M3tamorphosis (feat. Kid Cudi)
50%
Right Now (feat. Pi'erre Bourne)
50%
I SEEEEEE YOU BABY BOI
49%
TOXIC (feat. Skepta)
49%
CHARGE DEM HOES A FEE (feat. Future, Travis Scott)
48%
JUMPIN (feat. Lil Uzi Vert)
48%
King Vamp
48%
Mileage (feat. Chief Keef)
48%
OLYMPIAN
48%
Pissy Pamper (feat. Kid Cudi, Young Nudy)
48%
COCAINE NOSE
47%
CRANK
47%
JumpOutTheHouse
47%
MUNYUN
47%
Old Money
47%
OPM BABI
47%
Skeleton
47%
WALK
47%
WE NEED ALL DA VIBES (feat. Young Thug, Ty Dolla Sign)
47%
OVERLY
45%
Slay3r
45%
WAKE UP F1LTHY (feat. Travis Scott)
45%
Die4Guy
44%
F33l Lik3 Dyin
44%
FlatBed Freestyle
44%
Home (KOD)
44%
No Sl33p
44%
Place
44%
Teen X (feat. Future)
44%
Beno!
43%
Let It Go
43%
No Time (feat. Gunna)
43%
Control
42%
Half & Half
41%
LIKE WEEZY
41%
Not PLaying
40%
On That Time
40%
Punk Monk
40%
Pull Up
38%
DIS 1 GOT IT
35%
u kan do it too.
30%
Goku (Asthma)
26%
R.I.P. Yams (Vivienne Westwood)
26%
Bouldercrest (feat. Offset)
24%
Break The Bank (feat. Lil Uzi Vert)
24%
Friends
24%
Nine Nine
23%
Butterfly Doors
22%
Buffy The Body
21%
24 Songs (feat. Vory)
20%
Designer Shoes
20%
Fashion Killa
19%
Hellcat
19%
Money&Drugs
19%
Throw It Up (feat. Lil Uzi Vert)
17%
Back Up (feat. Offset)
16%
Cartier (feat. Lil Uzi Vert)
16%
Racks (feat. Key Glock)
16%
2MANY
15%
Xan
15%
Homicide
14%
She Might (feat. Redd Coldhearted)
14%
Tattoo
14%
Pop Bottles
12%
Athena
10%
Ballin (feat. CapoDTE)
10%
Cake
10%
Louis Vuitton (Movie Time)
10%
No Lie
10%
Rockstar Tracks
10%
RAF (feat. A$AP Rocky, Lil Uzi Vert, Quavo, Frank Ocean)
9%
Fuck School
7%
Swag Disease (feat. Lil Uzi Vert)
7%
Die Like This (feat. NGeeYL)
6%
Full Metal
6%
Go Up
6%
High As Us (feat. Yung Bans)
6%
JumpOutTheCoupe
6%
One Day
6%
At The Gate
5%
Reggie (Choppa Go)
5%
Rover Sport
5%
Squad (feat. Lil Uzi Vert)
5%
Talkative (Watching Me)
5%
Too Much
5%
Worried Bout Shit
5%
Codeine Cup (feat. Guap Tarantino)
3%
Firearm (feat. Lil Uzi Vert)
3%
For Real
3%
I Got It
3%
No Feel
3%
Toke Shit (feat. G Herbo)
3%
VLone Jacket
2%
Kids
1%
Walk On Water
1%
Beam (feat. Rich Brian)
0%
Countin Caskets
0%
Gon Smash
0%
Poppin A Bean
0%
Rollie
0%
The Block
0%
No matching quizzes found
Score Distribution
Percent of People with Each Score
Percentile by Number Answered
Your Score History
You have not taken this quiz